Úspešné podnikateľské modely vo svete

Vplyv podnikateľského modelu na úspech alebo neúspech podnikateľských aktivít. Spustenie nových produktov a výsledky kvalitného biznis modelu. Tajomstvo úspechu firiem. Výnimočnosť a konkurenčná výhoda.

Saved in:
Bibliographic Details
Main Author: Hudáková, Ivana, 1976-
Other Authors: Mišún, Juraj, 1978-
Format: Book Chapter
Language:Slovak
Subjects:
Tags: Add Tag
No Tags, Be the first to tag this record!

MARC

LEADER 00000naa a2200000 4500
001 0136244
005 20240502072526.5
041 0 |a slo 
044 |a SK 
245 1 0 |a Úspešné podnikateľské modely vo svete  |c Ivana Hudáková, Juraj Mišún 
520 |a Vplyv podnikateľského modelu na úspech alebo neúspech podnikateľských aktivít. Spustenie nových produktov a výsledky kvalitného biznis modelu. Tajomstvo úspechu firiem. Výnimočnosť a konkurenčná výhoda. 
610 2 0 |a prostredie podnikateľské 
610 2 0 |a plán podnikateľský 
610 2 0 |a stratégia podnikateľská 
610 2 0 |a podnikatelia 
610 2 0 |a podnikanie 
610 2 0 |a výhody konkurenčné 
610 2 0 |a inovácia výrobkov 
610 2 0 |a konkurencieschopnosť 
100 1 |a Hudáková, Ivana, 1976- 
700 1 |a Mišún, Juraj, 1978-